=LDR 00000nam 2200000 4500 =001 INLIS000000000036509 =005 20251030094758 =035 ##$$a 0010-061300000036509 =008 251030###########################0#ind## =041 ##$$a Ind =082 ##$$a 028.5 =090 ##$$a F Rom K, Gil h =100 ##$$a Gilson =245 1#$$a Humor dokter hewan Gorila gila, /$c Gilson ; alih bahasa, Lia Adhiyani =260 ##$$a Jakarta :$b Gramedia,$c 2010 =300 ##$$a 44 hlm, ilus, 25 cm : $b ilus ; $c 17 x 25 cm =650 #4$$a Fiksi kanak-kanak =850 ##$$a NBPNMAT =084 ##$$a 028.5 GIL h =990 ##$$a 21100001/BPAP-NTB/20142014 =990 ##$$a 0001/BPAP-NTB/2015 =990 ##$$a 0001/BPAP-NTB/2016 =990 ##$$a 21100909 =990 ##$$a 0001/BPAP-NTB/2015 =990 ##$$a 0001/BPAP-NTB/2016